[Event "18.Open Seefeld"]
[Site "Seefeld / Oesterreich"]
[Date "2007.09.09"]
[Round "9"]
[White "Wittelsberger, Helmut"]
[Black "Schmidt, Juergen"]
[Result "1/2-1/2"]
[WhiteElo "1996"]
[BlackElo "2130"]
[PlyCount "77"]
[EventDate "2007.09.01"]
[EventType "swiss"]
[EventRounds "9"]
[EventCountry "AUT"]

1. e4 e5 2. Nf3 Nc6 3. d4 exd4 4. c3 d5 5. exd5 Qxd5 6. cxd4 Bb4+ 7. Nc3 Bg4 8.
Be2 O-O-O 9. O-O Qa5 10. Be3 Bxc3 11. bxc3 Qxc3 12. Rc1 Qa3 13. Rc5 Qxc5 14.
dxc5 Rxd1 15. Rxd1 Nge7 16. h3 Be6 17. a3 f6 18. Nd4 Nxd4 19. Bxd4 Rd8 20. Bc3
Rxd1+ 21. Bxd1 Nd5 22. Bd4 Kd7 23. Bf3 b5 24. Bxd5 Bxd5 25. f3 a5 26. Bc3 a4
27. Kf2 Ke6 28. g3 Bc4 29. h4 Kd5 30. Bb4 c6 31. Ke3 g5 32. hxg5 fxg5 33. Kf2
Kd4 34. g4 Bd3 35. f4 gxf4 36. Kf3 Ke5 37. Bc3+ Kd5 38. Bb4 Kc4 39. Kxf4
1/2-1/2

[Event "18.Open Seefeld"]
[Site "Seefeld / Oesterreich"]
[Date "2007.09.09"]
[Round "9"]
[White "Kammers, Heribert"]
[Black "Platzgummer, Peter"]
[Result "1-0"]
[WhiteElo "2104"]
[BlackElo "1970"]
[PlyCount "53"]
[EventDate "2007.09.01"]
[EventType "swiss"]
[EventRounds "9"]
[EventCountry "AUT"]

1. d4 Nf6 2. c4 e6 3. Nc3 d5 4. Bg5 c6 5. cxd5 exd5 6. Qc2 h6 7. Bh4 Be7 8. e3
a5 9. Bd3 b5 10. Nf3 Ba6 11. O-O b4 12. Ne2 Bxd3 13. Qxd3 Nbd7 14. Rac1 g5 15.
Bg3 Qb6 16. Ne5 Nxe5 17. Bxe5 O-O 18. Qf5 Nh5 19. Qd7 Qb5 20. Ng3 Nxg3 21. Bxg3
Bf6 22. Qxc6 Qxc6 23. Rxc6 Bg7 24. Rfc1 Rfe8 25. R6c5 b3 26. axb3 Rab8 27. Bxb8
1-0

[Event "18.Open Seefeld"]
[Site "Seefeld / Oesterreich"]
[Date "2007.09.09"]
[Round "9"]
[White "Ranker, Klemens"]
[Black "Wallnoefer, Hannes"]
[Result "0-1"]
[WhiteElo "1955"]
[BlackElo "2096"]
[PlyCount "78"]
[EventDate "2007.09.01"]
[EventType "swiss"]
[EventRounds "9"]
[EventCountry "AUT"]

1. e4 c6 2. d4 d5 3. exd5 cxd5 4. Bd3 Nf6 5. c3 Bg4 6. Nf3 e6 7. Bg5 Be7 8.
Nbd2 O-O 9. O-O a6 10. Qc2 Bxf3 11. Nxf3 Nbd7 12. Rfe1 h6 13. Bh4 Rc8 14. Ne5
Nxe5 15. Rxe5 Nd7 16. Bxe7 Qxe7 17. Re3 Rc6 18. Rae1 b5 19. a3 Nb6 20. Rg3 Nc4
21. Qc1 Qf6 22. Bb1 a5 23. Qc2 g6 24. Qe2 b4 25. axb4 axb4 26. Rf1 bxc3 27.
bxc3 Rfc8 28. Ba2 Nd6 29. Rf3 Qg5 30. Rg3 Qf4 31. Rf3 Qg4 32. h3 Qg5 33. Rg3
Qh4 34. Rxg6+ fxg6 35. Qxe6+ Nf7 36. Qxd5 Qf6 37. c4 Rd8 38. Qa5 Rxd4 39. Bb3
Kg7 0-1

[Event "18.Open Seefeld"]
[Site "Seefeld / Oesterreich"]
[Date "2007.09.09"]
[Round "9"]
[White "Schmidt, Wolfgang"]
[Black "Helbig, Dieter"]
[Result "1-0"]
[WhiteElo "2071"]
[BlackElo "1863"]
[PlyCount "29"]
[EventDate "2007.09.01"]
[EventType "swiss"]
[EventRounds "9"]
[EventCountry "AUT"]

1. e4 c5 2. Nf3 Nc6 3. d4 cxd4 4. Nxd4 g6 5. Nc3 Bg7 6. Be3 Nf6 7. Bc4 Qa5 8.
O-O O-O 9. Bb3 Qd8 10. h3 Na5 11. e5 Ne8 12. Bxf7+ Rxf7 13. Ne6 Bxe5 14. Nxd8
Rf6 15. Qd5+ 1-0

[Event "18.Open Seefeld"]
[Site "Seefeld / Oesterreich"]
[Date "2007.09.09"]
[Round "9"]
[White "Schnegg, Martin"]
[Black "Allgaier, Erik"]
[Result "1/2-1/2"]
[WhiteElo "1931"]
[BlackElo "2060"]
[PlyCount "69"]
[EventDate "2007.09.01"]
[EventType "swiss"]
[EventRounds "9"]
[EventCountry "AUT"]

1. e4 d6 2. d4 g6 3. Nc3 Nf6 4. f4 Bg7 5. Nf3 c5 6. dxc5 Qa5 7. Bd3 Qxc5 8. Bd2
O-O 9. Qe2 Qb6 10. O-O-O Nc6 11. h3 Nh5 12. Qe3 Bxc3 13. bxc3 Qa5 14. Kb2 Be6
15. Ra1 Qb6+ 16. Qxb6 axb6 17. g4 Nf6 18. Be3 b5 19. g5 Nh5 20. Nd4 Bc4 21. Ne2
Ra5 22. a3 Rfa8 23. Rhb1 e5 24. Rd1 exf4 25. Nxf4 Nxf4 26. Bxf4 Ne5 27. Be3 Kf8
28. Bd4 Ke7 29. Bb6 R5a6 30. Bd4 Ke6 31. Be3 Rc6 32. Bd4 Rac8 33. Rac1 Nf3 34.
Be3 R8c7 35. Bf4 1/2-1/2

[Event "18.Open Seefeld"]
[Site "Seefeld / Oesterreich"]
[Date "2007.09.09"]
[Round "9"]
[White "Gerhards, Walter"]
[Black "Willin, Bernhard"]
[Result "0-1"]
[WhiteElo "1947"]
[BlackElo "2002"]
[PlyCount "100"]
[EventDate "2007.09.01"]
[EventType "swiss"]
[EventRounds "9"]
[EventCountry "AUT"]

1. e4 c5 2. Nf3 d6 3. Bb5+ Bd7 4. Bxd7+ Qxd7 5. O-O Nc6 6. d3 e6 7. Bf4 Be7 8.
c3 Nf6 9. Qe2 O-O 10. Nbd2 Rfd8 11. Rad1 b5 12. Rfe1 Qb7 13. Nf1 b4 14. Ng3 a5
15. h4 a4 16. h5 a3 17. Rb1 axb2 18. Rxb2 Ra3 19. h6 g6 20. c4 Nd7 21. Ng5 Nde5
22. Rd1 Bf6 23. Bc1 Nd4 24. Qf1 Rda8 25. f4 Nec6 26. f5 Qe7 27. fxg6 fxg6 28.
Nf3 Rxa2 29. Rxa2 Rxa2 30. Be3 Nxf3+ 31. Qxf3 Ra1 32. Rf1 Rxf1+ 33. Qxf1 Bd4
34. Bxd4 Nxd4 35. e5 dxe5 36. Ne4 Qf8 37. Nf6+ Kh8 38. Qa1 Qxh6 39. Qa8+ Kg7
40. Ne8+ Kg8 41. Nf6+ Kf7 42. Nd7 Ke7 43. Nxc5 Qf4 44. Qb7+ Kf8 45. Nd7+ Kg8
46. Qb8+ Kg7 47. Kh1 Ne2 48. Qxe5+ Qxe5 49. Nxe5 b3 50. Nf3 b2 0-1

[Event "18.Open Seefeld"]
[Site "Seefeld / Oesterreich"]
[Date "2007.09.09"]
[Round "9"]
[White "Moes, Waldemar"]
[Black "Nedelchev, Nikolai"]
[Result "0-1"]
[WhiteElo "2024"]
[BlackElo "1980"]
[PlyCount "36"]
[EventDate "2007.09.01"]
[EventType "swiss"]
[EventRounds "9"]
[EventCountry "AUT"]

1. d4 Nf6 2. Nf3 d5 3. Bg5 Ne4 4. Bh4 c5 5. e3 Qb6 6. Qc1 f6 7. Bd3 g5 8. Bg3
Bf5 9. dxc5 Qxc5 10. Nbd2 Nc6 11. O-O e5 12. Bxe4 dxe4 13. Nb3 Qe7 14. Nfd2 h5
15. f3 h4 16. fxe4 hxg3 17. exf5 Rxh2 18. Ne4 Rh1+ 0-1

[Event "18.Open Seefeld"]
[Site "Seefeld / Oesterreich"]
[Date "2007.09.09"]
[Round "9"]
[White "Stuch, Hans-Ferdinand"]
[Black "Schulze, Joachim"]
[Result "0-1"]
[WhiteElo "1602"]
[BlackElo "1996"]
[PlyCount "64"]
[EventDate "2007.09.01"]
[EventType "swiss"]
[EventRounds "9"]
[EventCountry "AUT"]

1. d4 Nf6 2. Nf3 g6 3. Bg5 Bg7 4. e3 O-O 5. Bd3 d6 6. e4 c6 7. O-O h6 8. Bf4
Nh5 9. Be3 Qc7 10. c3 e5 11. Re1 Be6 12. Na3 Nd7 13. Rc1 Ndf6 14. h3 Nf4 15.
Bb1 Nh7 16. c4 Qe7 17. Kh2 g5 18. d5 Bd7 19. c5 cxd5 20. cxd6 Qe6 21. exd5 Nxd5
22. Bxh7+ Kxh7 23. Bxg5 e4 24. Nd4 Qxd6+ 25. Kg1 hxg5 26. Qh5+ Qh6 27. Qd1 Rad8
28. Rxe4 f5 29. Re1 Nf4 30. Nac2 Bc6 31. Nxf5 Rxd1 32. Nxh6 Rxc1 0-1

[Event "18.Open Seefeld"]
[Site "Seefeld / Oesterreich"]
[Date "2007.09.09"]
[Round "9"]
[White "Eiter, Meinhard"]
[Black "Schwammberger, Eugen"]
[Result "1-0"]
[WhiteElo "1845"]
[BlackElo "2066"]
[PlyCount "109"]
[EventDate "2007.09.01"]
[EventType "swiss"]
[EventRounds "9"]
[EventCountry "AUT"]

1. d4 d5 2. Nf3 c6 3. Nbd2 Bg4 4. h3 Bh5 5. e3 e6 6. Bd3 Nd7 7. O-O Bd6 8. e4
dxe4 9. Nxe4 Bc7 10. Bg5 Qb8 11. c4 Bg6 12. Re1 Bxe4 13. Bxe4 Ngf6 14. Bc2 O-O
15. Qd3 Bf4 16. Bh4 g6 17. Re2 Qc7 18. Rae1 Qa5 19. a3 Rfe8 20. b4 Qc7 21. Bb3
Rac8 22. Rc2 Qd6 23. Qc3 Nh5 24. d5 cxd5 25. c5 Qb8 26. Ba4 b5 27. Bb3 Bh6 28.
Ng5 Qf4 29. g3 Qc7 30. Rce2 Nb6 31. Qf3 Nc4 32. Bc2 Ng7 33. g4 Qd7 34. Qg2 Nxa3
35. f4 Nxc2 36. Rxc2 Rf8 37. Qd2 Qc7 38. Kg2 Rce8 39. Bg3 Re7 40. h4 Qc8 41.
Qe2 Rd8 42. Nf3 Ne8 43. f5 gxf5 44. gxf5 Nf6 45. Nd4 Ree8 46. fxe6 fxe6 47.
Nxb5 Re7 48. Nd6 Qd7 49. c6 Qc7 50. Nf5 exf5 51. Qxe7 Qxe7 52. Rxe7 Ne4 53. Rd7
Rc8 54. c7 f4 55. Rd8+ 1-0

[Event "18.Open Seefeld"]
[Site "Seefeld / Oesterreich"]
[Date "2007.09.09"]
[Round "9"]
[White "Kreusch, Frank"]
[Black "Borries, Barbara"]
[Result "1/2-1/2"]
[WhiteElo "2022"]
[BlackElo "1947"]
[PlyCount "24"]
[EventDate "2007.09.01"]
[EventType "swiss"]
[EventRounds "9"]
[EventCountry "AUT"]

1. e4 e6 2. d4 d5 3. Nc3 Nf6 4. Bg5 Bb4 5. e5 h6 6. Bd2 Bxc3 7. bxc3 Ne4 8. Bd3
Nxd2 9. Qxd2 b6 10. Nf3 Ba6 11. O-O Bxd3 12. Qxd3 O-O 1/2-1/2

[Event "18.Open Seefeld"]
[Site "Seefeld / Oesterreich"]
[Date "2007.09.09"]
[Round "9"]
[White "Wiesbeck, Florian"]
[Black "Safdar, Mahmood"]
[Result "1/2-1/2"]
[WhiteElo "1990"]
[BlackElo "1660"]
[PlyCount "124"]
[EventDate "2007.09.01"]
[EventType "swiss"]
[EventRounds "9"]
[EventCountry "AUT"]

1. d4 c5 2. d5 f5 3. g3 Nf6 4. Bg2 d6 5. Nh3 Na6 6. O-O Rb8 7. c4 e5 8. dxe6
Bxe6 9. Nf4 Qd7 10. b3 Be7 11. Bb2 O-O 12. Nc3 Nc7 13. Qc2 a6 14. Rfd1 b5 15.
cxb5 axb5 16. Nd3 Qc8 17. Nf4 b4 18. Ncd5 Ncxd5 19. Nxd5 Nxd5 20. Bxd5 Bxd5 21.
Rxd5 f4 22. Qc4 Kh8 23. Rh5 Qg4 24. Rd5 Qh3 25. Qd3 Rbd8 26. Qf3 Bf6 27. Bxf6
Rxf6 28. Rh5 Qe6 29. gxf4 d5 30. Rd1 d4 31. Rxc5 Qd6 32. Re5 Rdf8 33. Rd5 Qxf4
34. Qxf4 Rxf4 35. f3 Rb8 36. R5xd4 Rff8 37. Rc1 Rfe8 38. Kf2 h6 39. Rcc4 Ra8
40. Rxb4 Rxa2 41. Re4 Rc8 42. Rb7 Ra1 43. Ree7 Rg8 44. b4 h5 45. b5 h4 46. h3
Rc8 47. Rxg7 Rf1+ 48. Ke3 Rc3+ 49. Kd4 Rd1+ 50. Kxc3 Rd3+ 51. Kc4 Rd4+ 52. Kc5
Rd5+ 53. Kc6 Rd6+ 54. Kc7 Rc6+ 55. Kd8 Rc8+ 56. Ke7 Re8+ 57. Kf6 Re6+ 58. Kg5
Rg6+ 59. Kf4 Rf6+ 60. Kg5 Rg6+ 61. Kxh4 Rg4+ 62. Kh5 Rg5+ 1/2-1/2

[Event "18.Open Seefeld"]
[Site "Seefeld / Oesterreich"]
[Date "2007.09.09"]
[Round "9"]
[White "Matt, Stefan"]
[Black "Plock, Christian"]
[Result "1-0"]
[WhiteElo "2088"]
[BlackElo "1986"]
[PlyCount "53"]
[EventDate "2007.09.01"]
[EventType "swiss"]
[EventRounds "9"]
[EventCountry "AUT"]

1. d4 d5 2. e4 e6 3. e5 c5 4. c3 Nc6 5. Nf3 Qb6 6. Bd3 cxd4 7. cxd4 Bd7 8. O-O
Rc8 9. Nc3 Nxd4 10. Nxd4 Qxd4 11. Qe2 b6 12. Nb5 Bxb5 13. Bxb5+ Kd8 14. Qf3 f6
15. Rd1 Qb4 16. a4 Ke7 17. b3 Kf7 18. Bb2 Rc2 19. Rd4 Qc5 20. b4 Qc7 21. Rxd5
Ne7 22. Rd7 Qc8 23. exf6 Rxb2 24. fxe7+ Kg8 25. exf8=Q+ Qxf8 26. Qxf8+ Kxf8 27.
Rd8+ 1-0

[Event "18.Open Seefeld"]
[Site "Seefeld / Oesterreich"]
[Date "2007.09.09"]
[Round "9"]
[White "Kesik, Marco"]
[Black "Dalnodar, Bernhard"]
[Result "1/2-1/2"]
[WhiteElo "1954"]
[BlackElo "1709"]
[PlyCount "57"]
[EventDate "2007.09.01"]
[EventType "swiss"]
[EventRounds "9"]
[EventCountry "AUT"]

1. d4 d5 2. c4 c6 3. cxd5 cxd5 4. Nf3 Nf6 5. Nc3 Nc6 6. e3 e6 7. Bd3 Bb4 8. Bd2
Bd7 9. O-O O-O 10. a3 Bd6 11. Rc1 a6 12. b4 b5 13. Qe2 Rc8 14. Be1 h6 15. Nd2
e5 16. dxe5 Bxe5 17. Nb3 Re8 18. Nc5 d4 19. N3e4 Nxe4 20. Bxe4 Bd6 21. Nxd7
Qxd7 22. Rxc6 Rxc6 23. Bxc6 Qxc6 24. Bd2 dxe3 25. Bxe3 Bf4 26. Qd2 Bxe3 27.
fxe3 Qe6 28. Re1 Qb3 29. Qc1 1/2-1/2

[Event "18.Open Seefeld"]
[Site "Seefeld / Oesterreich"]
[Date "2007.09.09"]
[Round "9"]
[White "Staninski, Borislav"]
[Black "Becker, Joerg"]
[Result "1-0"]
[WhiteElo "1663"]
[BlackElo "1952"]
[PlyCount "63"]
[EventDate "2007.09.01"]
[EventType "swiss"]
[EventRounds "9"]
[EventCountry "AUT"]

1. e4 c5 2. Nf3 d6 3. d4 cxd4 4. Nxd4 Nf6 5. Nc3 a6 6. Be2 e5 7. Nb3 Be6 8. O-O
Be7 9. f4 Qc7 10. Be3 b5 11. f5 Bc4 12. Bxc4 Qxc4 13. Qd3 Qxd3 14. cxd3 Nbd7
15. a3 Nc5 16. Nxc5 dxc5 17. b4 O-O 18. bxc5 Ng4 19. Nd5 Nxe3 20. Nxe7+ Kh8 21.
Rfc1 Rfe8 22. Nd5 Nxd5 23. exd5 Red8 24. d6 Rac8 25. Kf2 Kg8 26. Ke3 Rc6 27. d4
exd4+ 28. Kxd4 Kf8 29. Kd5 Rcc8 30. Re1 Ra8 31. Re7 Rac8 32. Rae1 1-0

[Event "18.Open Seefeld"]
[Site "Seefeld / Oesterreich"]
[Date "2007.09.09"]
[Round "9"]
[White "Aigner, Georg"]
[Black "Rampler, Evely"]
[Result "1-0"]
[WhiteElo "2033"]
[BlackElo "1588"]
[PlyCount "109"]
[EventDate "2007.09.01"]
[EventType "swiss"]
[EventRounds "9"]
[EventCountry "AUT"]

1. e4 c5 2. Nf3 e6 3. d4 cxd4 4. Nxd4 a6 5. Be3 Qc7 6. Bd3 Nf6 7. Nd2 Be7 8.
O-O b6 9. Re1 Bb7 10. Bg5 d6 11. f4 Nbd7 12. Kh1 O-O 13. c3 Nc5 14. Bc2 e5 15.
Nf5 Bd8 16. Bxf6 Bxf6 17. Qf3 Rad8 18. Rad1 d5 19. fxe5 Bxe5 20. Qg4 dxe4 21.
Re3 Nd3 22. Bxd3 Rxd3 23. Nxe4 Rxe3 24. Nxe3 Rd8 25. Ng3 b5 26. Ngf5 Bc8 27.
Rxd8+ Qxd8 28. Ne7+ Qxe7 29. Qxc8+ Qf8 30. Qxa6 Qe8 31. Nc2 h6 32. Qb6 Bf6 33.
Qe3 Qd7 34. Nd4 b4 35. Qc1 bxc3 36. bxc3 Qa4 37. Qc2 Qc4 38. Ne2 Bxc3 39. h3 h5
40. Nxc3 h4 41. Qc1 Qc5 42. a4 g5 43. Ne2 Qe5 44. Ng1 f6 45. Qd2 Kf7 46. a5 Qb5
47. Qd8 Qa6 48. Qb6 Qf1 49. a6 g4 50. Qb7+ Kg6 51. Qe4+ f5 52. Qe6+ Kg5 53.
Qg8+ Kf4 54. a7 Kg3 55. a8=Q 1-0

[Event "18.Open Seefeld"]
[Site "Seefeld / Oesterreich"]
[Date "2007.09.09"]
[Round "9"]
[White "Berkemeier, Juergen"]
[Black "Becking, Franz Josef"]
[Result "1-0"]
[WhiteElo "1917"]
[BlackElo "2049"]
[PlyCount "107"]
[EventDate "2007.09.01"]
[EventType "swiss"]
[EventRounds "9"]
[EventCountry "AUT"]

1. e4 e5 2. Nf3 Nf6 3. Nc3 Nc6 4. d4 d6 5. dxe5 Nxe5 6. Nxe5 dxe5 7. Qxd8+ Kxd8
8. Bc4 Be6 9. Bxe6 fxe6 10. f3 c6 11. Be3 Kc7 12. O-O-O Bb4 13. Na4 b6 14. a3
Be7 15. c4 Rad8 16. Kc2 h6 17. b4 Rxd1 18. Rxd1 Rd8 19. Rxd8 Kxd8 20. Nb2 Bd6
21. Nd3 Nd7 22. Bf2 h5 23. Bh4+ Be7 24. Be1 g5 25. Bc3 Bd6 26. Kd1 Ke8 27. Ke2
Kf7 28. g3 g4 29. fxg4 hxg4 30. Nf2 Nf6 31. Ke3 Kg6 32. h3 gxh3 33. Kf3 h2 34.
Kg2 Nd7 35. Kxh2 a5 36. Kh3 a4 37. Kg4 b5 38. cxb5 cxb5 39. Nd1 Nb6 40. Bb2 Nc4
41. Bc1 Bf8 42. Nc3 Nd6 43. Kf3 Bh6 44. Bxh6 Kxh6 45. Kg4 Kg6 46. Kh4 Kh6 47.
g4 Kg6 48. g5 Nf7 49. Nxb5 Nxg5 50. Nc3 Nf3+ 51. Kg3 Nd2 52. b5 Nc4 53. Nxa4
Nxa3 54. b6 1-0

[Event "18.Open Seefeld"]
[Site "Seefeld / Oesterreich"]
[Date "2007.09.09"]
[Round "9"]
[White "Verwer, Renzo"]
[Black "Schett, Franz"]
[Result "1-0"]
[WhiteElo "1600"]
[BlackElo "1994"]
[PlyCount "81"]
[EventDate "2007.09.01"]
[EventType "swiss"]
[EventRounds "9"]
[EventCountry "AUT"]

1. e4 c5 2. Nf3 d6 3. d4 cxd4 4. Qxd4 Nc6 5. Bb5 e6 6. O-O a6 7. Bxc6+ bxc6 8.
Nc3 Be7 9. Rd1 f6 10. Be3 c5 11. Qc4 Qc7 12. Ne2 a5 13. Nf4 Kf7 14. Qe2 g5 15.
Nh5 Qb7 16. Ng3 h5 17. Nxg5+ fxg5 18. Nxh5 Qxe4 19. f4 Bb7 20. Ng3 Qh7 21. h3
Qh4 22. Bf2 gxf4 23. Ne4 Qh5 24. Nxd6+ Bxd6 25. Qb5 Bxg2 26. Rxd6 Qxh3 27. Qd7+
Ne7 28. Bxc5 Rhg8 29. Kf2 Qg3+ 30. Ke2 Bf3+ 31. Kd2 Qg2+ 32. Kc3 Bd5 33. Rxd5
Rg3+ 34. Rd3 Re8 35. Rg1 Rxd3+ 36. Qxd3 Nd5+ 37. Kc4 Ne3+ 38. Bxe3 Qc6+ 39. Bc5
Qa4+ 40. Kc3 e5 41. Qg6# 1-0

[Event "18.Open Seefeld"]
[Site "Seefeld / Oesterreich"]
[Date "2007.09.09"]
[Round "9"]
[White "Werner, Bernd"]
[Black "Michel, Jan"]
[Result "1-0"]
[WhiteElo "1975"]
[BlackElo "1450"]
[PlyCount "65"]
[EventDate "2007.09.01"]
[EventType "swiss"]
[EventRounds "9"]
[EventCountry "AUT"]

1. e4 e5 2. Nf3 Nc6 3. Bc4 Nf6 4. Ng5 d5 5. exd5 Nd4 6. Nc3 Bd6 7. d3 h6 8.
Nge4 O-O 9. Nxf6+ Qxf6 10. Ne4 Qg6 11. Ng3 b5 12. Bb3 Nxb3 13. axb3 Bb7 14. c4
bxc4 15. bxc4 c6 16. dxc6 Bxc6 17. O-O Rfd8 18. Qe2 f5 19. f4 Re8 20. Qf2 h5
21. fxe5 Bxe5 22. Qxf5 Qxf5 23. Nxf5 g6 24. Nh4 Kg7 25. Ra6 Re6 26. Nf3 Rc8 27.
Nxe5 Rxe5 28. Rxa7+ Kg8 29. d4 Re2 30. d5 Be8 31. b3 Rb8 32. Ba3 Rxb3 33. Rf8#
1-0

[Event "18.Open Seefeld"]
[Site "Seefeld / Oesterreich"]
[Date "2007.09.09"]
[Round "9"]
[White "Strasser, Josef"]
[Black "Handl, Hans"]
[Result "1-0"]
[WhiteElo "1913"]
[BlackElo "1599"]
[PlyCount "91"]
[EventDate "2007.09.01"]
[EventType "swiss"]
[EventRounds "9"]
[EventCountry "AUT"]

1. d4 d5 2. c4 c6 3. Nf3 e6 4. cxd5 cxd5 5. Bf4 Nc6 6. e3 Nf6 7. Be2 Be7 8. Nc3
Nh5 9. Be5 Nf6 10. Bb5 O-O 11. O-O Nxe5 12. Nxe5 a6 13. Bd3 Nd7 14. Nf3 f5 15.
g3 Rf6 16. Ne5 Rh6 17. f4 Qe8 18. Be2 Nxe5 19. fxe5 Qg6 20. Bf3 Bg5 21. Qe1 f4
22. exf4 Bxf4 23. Nxd5 exd5 24. Bxd5+ Be6 25. Bxe6+ Qxe6 26. Rxf4 Rc8 27. Qf2
Qg6 28. Rf1 Qe8 29. d5 g5 30. Rf6 Rxf6 31. Qxf6 g4 32. Qg5+ Kh8 33. Qxg4 Rc5
34. Qd4 Rc2 35. e6+ Kg8 36. Qf6 Qc8 37. Qf7+ Kh8 38. Qf8+ Qxf8 39. Rxf8+ Kg7
40. Rf7+ Kg6 41. Rxb7 Rd2 42. Rd7 Rxb2 43. e7 Kf7 44. d6 Rxa2 45. Rd8 Re2 46.
Rf8+ 1-0

[Event "18.Open Seefeld"]
[Site "Seefeld / Oesterreich"]
[Date "2007.09.09"]
[Round "9"]
[White "Scheidt, Eugen"]
[Black "Bretscher, Robert"]
[Result "1/2-1/2"]
[WhiteElo "1981"]
[BlackElo "1656"]
[PlyCount "65"]
[EventDate "2007.09.01"]
[EventType "swiss"]
[EventRounds "9"]
[EventCountry "AUT"]

1. e4 e5 2. Nf3 Nc6 3. Bb5 a6 4. Ba4 Nf6 5. O-O b5 6. Bb3 Be7 7. Re1 d6 8. c3
Bg4 9. d3 O-O 10. Nbd2 Rb8 11. Nf1 Kh8 12. Ne3 Qd7 13. Nxg4 Qxg4 14. Be3 Nh5
15. h3 Qg6 16. Bc2 f5 17. exf5 Qxf5 18. d4 Qf7 19. Qd3 g6 20. Bh6 Ng7 21. Re2
exd4 22. Nxd4 Ne5 23. Qe4 Bf6 24. f4 Nc4 25. Bb3 Rfe8 26. Bxg7+ Bxg7 27. Qd3
Rxe2 28. Nxe2 Re8 29. Bxc4 bxc4 30. Qf3 d5 31. Rd1 c6 32. Nd4 Bxd4+ 33. Rxd4
1/2-1/2

[Event "18.Open Seefeld"]
[Site "Seefeld / Oesterreich"]
[Date "2007.09.09"]
[Round "9"]
[White "Perkmann, Gottfried"]
[Black "Kircher, Werner"]
[Result "0-1"]
[WhiteElo "1799"]
[BlackElo "1944"]
[PlyCount "64"]
[EventDate "2007.09.01"]
[EventType "swiss"]
[EventRounds "9"]
[EventCountry "AUT"]

1. e4 e6 2. d4 d5 3. c4 dxe4 4. Nc3 Nf6 5. f3 exf3 6. Nxf3 Be7 7. Bd3 h6 8. O-O
c5 9. Bf4 a6 10. Qa4+ Bd7 11. Nb5 O-O 12. Rad1 cxd4 13. Be5 Nc6 14. Bxf6 Bxf6
15. Nd6 Qc7 16. Qa3 Be7 17. c5 e5 18. Bc4 Be6 19. Bxe6 fxe6 20. Qb3 Qd7 21. Ne4
Qd5 22. Qc2 Rad8 23. a3 d3 24. Qa4 Bxc5+ 25. Nxc5 Qxc5+ 26. Kh1 Qd5 27. Qg4 e4
28. Nh4 Rxf1+ 29. Rxf1 d2 30. Rd1 e3 31. Ng6 Qf5 32. Qg3 e2 0-1

[Event "18.Open Seefeld"]
[Site "Seefeld / Oesterreich"]
[Date "2007.09.09"]
[Round "9"]
[White "Diakov, Georgi"]
[Black "Senn, Othmar"]
[Result "1-0"]
[WhiteElo "1422"]
[BlackElo "1419"]
[PlyCount "59"]
[EventDate "2007.09.01"]
[EventType "swiss"]
[EventRounds "9"]
[EventCountry "AUT"]

1. e4 d5 2. exd5 Nf6 3. Bb5+ Bd7 4. Bxd7+ Qxd7 5. c4 c6 6. dxc6 Qxc6 7. Nf3
Qxc4 8. d4 Nc6 9. Nbd2 Qb5 10. Qe2 Qxe2+ 11. Kxe2 Nb4 12. Rd1 Rc8 13. Nb3 g6
14. Be3 Bg7 15. Rac1 O-O 16. a3 Nbd5 17. h3 Nxe3 18. fxe3 Nd5 19. g4 b6 20. g5
e6 21. Nbd2 Ne7 22. Ne4 f5 23. gxf6 Bxf6 24. Nxf6+ Rxf6 25. Rxc8+ Nxc8 26. Rc1
Nd6 27. Ne5 Ne4 28. Ng4 Ng3+ 29. Kd3 Rf7 30. Nh6+ 1-0

[Event "18.Open Seefeld"]
[Site "Seefeld / Oesterreich"]
[Date "2007.09.09"]
[Round "9"]
[White "Straesser, Gerda"]
[Black "Duric, Rajko"]
[Result "1/2-1/2"]
[WhiteElo "1828"]
[BlackElo "1877"]
[PlyCount "95"]
[EventDate "2007.09.01"]
[EventType "swiss"]
[EventRounds "9"]
[EventCountry "AUT"]

1. e4 d6 2. d4 Nf6 3. Nc3 c6 4. Be2 Nbd7 5. Nf3 Qc7 6. O-O e5 7. dxe5 Nxe5 8.
h3 h6 9. Be3 Nxf3+ 10. Bxf3 Be7 11. Qd2 Be6 12. Rad1 Nd7 13. Be2 Ne5 14. b3 O-O
15. f4 Bf6 16. fxe5 Bxe5 17. Bf4 Rad8 18. Bxe5 dxe5 19. Qe3 Qa5 20. Rxd8 Rxd8
21. Rd1 Rxd1+ 22. Bxd1 Qb4 23. Kh2 Qd4 24. Qxd4 exd4 25. Ne2 c5 26. Nf4 Bd7 27.
Be2 Kf8 28. Bd3 Ke7 29. Ne2 Kd6 30. c3 dxc3 31. Nxc3 Ke5 32. Ne2 Be6 33. g4 a6
34. Kg3 g5 35. Kf3 b5 36. Ke3 f6 37. Ng1 Bf7 38. Nf3+ Kd6 39. Nd2 h5 40. Be2 h4
41. a4 Be8 42. axb5 axb5 43. Bd3 Ke5 44. Nf3+ Kd6 45. Nd2 Ke5 46. Nf3+ Kd6 47.
Nd2 Ke5 48. Nf3+ 1/2-1/2

[Event "18.Open Seefeld"]
[Site "Seefeld / Oesterreich"]
[Date "2007.09.09"]
[Round "9"]
[White "Auf'm Wasser, Günter"]
[Black "Breedveld, Carmen"]
[Result "1-0"]
[WhiteElo "1867"]
[BlackElo "1289"]
[PlyCount "79"]
[EventDate "2007.09.01"]
[EventType "swiss"]
[EventRounds "9"]
[EventCountry "AUT"]

1. e4 e5 2. Bc4 Nf6 3. Nc3 a6 4. Nf3 b5 5. Bb3 Bc5 6. d3 h6 7. Be3 Bxe3 8. fxe3
Nc6 9. O-O O-O 10. Nd2 d6 11. Nd5 Ng4 12. Qf3 Be6 13. h3 Bxd5 14. Bxd5 Nf6 15.
Bxc6 Rb8 16. Qg3 Kh8 17. Rf2 Nh5 18. Qf3 Qg5 19. Kh2 Rb6 20. Bd7 d5 21. g4 Nf6
22. Bf5 g6 23. Rg1 h5 24. exd5 gxf5 25. gxf5 Qh6 26. Ne4 Rg8 27. Rxg8+ Kxg8 28.
Nxf6+ Rxf6 29. Qg3+ Qg7 30. Qxe5 h4 31. Rg2 Rg6 32. Qxg7+ Rxg7 33. e4 Kf8 34.
Rxg7 Kxg7 35. e5 Kf8 36. f6 Ke8 37. c4 Kd7 38. Kg2 bxc4 39. dxc4 c6 40. Kf3 1-0

[Event "18.Open Seefeld"]
[Site "Seefeld / Oesterreich"]
[Date "2007.09.09"]
[Round "9"]
[White "Titz, Waldemar"]
[Black "Egger, Herbert"]
[Result "1-0"]
[WhiteElo "1819"]
[BlackElo "1839"]
[PlyCount "75"]
[EventDate "2007.09.01"]
[EventType "swiss"]
[EventRounds "9"]
[EventCountry "AUT"]

1. e4 e5 2. Nf3 Nc6 3. d4 exd4 4. Nxd4 Nxd4 5. Qxd4 c5 6. Qd1 d6 7. Nc3 Be7 8.
Bb5+ Bd7 9. Qe2 a6 10. Bxd7+ Qxd7 11. Nd5 Bd8 12. O-O Ne7 13. Bg5 O-O 14. Bxe7
Bxe7 15. Nb6 Qe6 16. Nxa8 Rxa8 17. c3 f5 18. Rfe1 f4 19. f3 b5 20. Rad1 Qe5 21.
Qd2 Kh8 22. Qd5 Rd8 23. Qxe5 dxe5 24. Rxd8+ Bxd8 25. Rd1 Bf6 26. Rd6 b4 27.
cxb4 cxb4 28. Rxa6 h6 29. a3 Be7 30. a4 b3 31. Kf1 Bc5 32. a5 Bd4 33. Ra8+ Kh7
34. a6 Bxb2 35. Rb8 Bd4 36. Rxb3 h5 37. Rb7 Kh6 38. a7 1-0

[Event "18.Open Seefeld"]
[Site "Seefeld / Oesterreich"]
[Date "2007.09.09"]
[Round "9"]
[White "Loew, Bernd"]
[Black "Bangert, Ruediger"]
[Result "0-1"]
[WhiteElo "1601"]
[BlackElo "1761"]
[PlyCount "66"]
[EventDate "2007.09.01"]
[EventType "swiss"]
[EventRounds "9"]
[EventCountry "AUT"]

1. e4 d6 2. d4 g6 3. Nf3 Nf6 4. Nc3 Bg7 5. h3 Bd7 6. Be3 a6 7. Be2 O-O 8. Qd2
Nc6 9. Bh6 e5 10. Bxg7 Kxg7 11. d5 Ne7 12. O-O-O c5 13. g4 b5 14. Nh2 b4 15.
Nb1 Nxe4 16. Qe3 Nf6 17. Bf3 c4 18. g5 Nfg8 19. h4 Nf5 20. Qe4 c3 21. Qxb4
cxb2+ 22. Qxb2 Rb8 23. Qa3 Qb6 24. Nd2 Qd4 25. Ne4 Qa1+ 26. Kd2 Qd4+ 27. Kc1
Qb6 28. Ng4 Rfc8 29. Rd3 Qb1+ 30. Kd2 Qxc2+ 31. Ke1 Rb1+ 32. Rd1 Rxd1+ 33. Bxd1
Qxe4+ 0-1